1970 1352 1153 1994 1455 1336 1348 1243 1631 1950 1165 1596 1790 1271 1855 1604 1118 1231 1351 1808 1227 1975 1551 1110 1244 1306 1607 1656 1828 1301 1950 1507 1862 1339 1964 1020 1291 1766 1212 1023 1936 1866 1232 1939 1448 1742 1145 1465 1988 1220 1952 1141 1235 1084 1784 1904 1437 1261 1290 1729 1440 1135 1719 1592 1405 1657 1052 1599 1707 1735 1790 1209 1408 1896 1670 1436 1094 1695 1172 1520 1098 1935 1977 1438 1216 1173 1812 1233 1853 1917 1754 1632 1926 1662 1612 1676 1360 1861 1143 BCNSPRNW ULIB Ver.6.0+V

เปลี่ยนเป็นภาษาไทย

Change to English
 แสดงรายละเอียดบรรณานุกรม
  กลับหน้าหลัก

Brief Record : Get Marc (ISO 2709) : E-mail record : QR code < ปิดหน้าต่าง
LEADER : 00000nam 2200000uu 4500
001    13399124173
003     ULIB
008    020711s2550 th a 000 0 tha d
020    9789749557648
099    นว.อ734ล
100    อินตรา
245    ละครนี้มีรัก
260     ^bม.ป.ท.,^c2550
945    ^p340^l0^i022036
รายการนี้ยังไม่มีแท็ก
คุณยังไม่ได้ล็อกอิน คุณสามารถมีกิจกรรมร่วมกับเว็บไซต์ได้ แต่ต้องล็อกอินก่อน ::
  ล็อกอิน

รายการสื่อสารสนเทศ

ลำดับที่ ประเภท เลขเรียก/บาร์โค้ด สถานที่ สถานะ
1. นวนิยาย
นวนิยาย
นว.อ734ล ฉ.1 
  Barcode: 022036
ห้องสมุดวิทยาเขตสวรรค์ประชารักษ์
►นวนิยาย
บนชั้น
  ขอยืม

BibComment


ยังไม่เคยถูกคอมเมนท์

คอมเมนท์ทรัพยากรรายการนี้
  คอมเมนท์: ละครนี้มีรัก


 Copyright 2026. Bcnsprnw @Library